Central Library OPAC University of Rajshahi

কবি / (Record no. 65224)

MARC details
000 -LEADER
fixed length control field 00897nam a2200241 a 4500
001 - CONTROL NUMBER
control field 65224
003 - CONTROL NUMBER IDENTIFIER
rucl marc code BD-RjUL
005 - DATE AND TIME OF LATEST TRANSACTION
control field 20211209081411.0
008 - FIXED-LENGTH DATA ELEMENTS--GENERAL INFORMATION
fixed length control field 170301s1961 bg |||| |||| 000 0 ben d
020 ## - INTERNATIONAL STANDARD BOOK NUMBER
Terms of availability : Tk.4.00
035 ## - SYSTEM CONTROL NUMBER
System control number (BD-RjUL)65354
040 ## - CATALOGING SOURCE
Original cataloging agency BD-RjUL
Language of cataloging ben
Transcribing agency BD-RjUL
Modifying agency BD-RjUL
041 ## - LANGUAGE CODE
Language code of text/sound track or separate title ben
082 ## - DEWEY DECIMAL CLASSIFICATION NUMBER
Edition number 23
Classification number 891.443
Author mark and year BAK 1961
100 10 - MAIN ENTRY--PERSONAL NAME
Personal name বন্দোপাধ্যায়, তারাশঙ্কর
9 (RLIN) 193110
245 10 - TITLE STATEMENT
Title কবি /
Statement of responsibility, etc. তারাশঙ্কর বন্দোপাধ্যায়
246 ## - VARYING FORM OF TITLE
Remainder of title ১ম সং.
260 ## - PUBLICATION, DISTRIBUTION, ETC. (IMPRINT)
Place of publication, distribution, etc. ঢাকা :
Name of publisher, distributor, etc. স্ট্যান্ডার্ড পাবলিশার্সলিমিটেড,
Date of publication, distribution, etc. ১৯৬১ [১৩৬৮]
300 ## - PHYSICAL DESCRIPTION
Pagination ১৯৮ পৃ. ;
Size ২১ সেমি.
650 ## - SUBJECT ADDED ENTRY--TOPICAL TERM
Topical term or geographic name as entry element বাংলা উপন্যাস
9 (RLIN) 170454
Topical term or geographic name as entry element Bengali Fiction
9 (RLIN) 170455
942 ## - ADDED ENTRY ELEMENTS (KOHA)
Source of classification or shelving scheme Dewey Decimal Classification
Koha item type Books
Holdings
Lost status Source of classification or shelving scheme Damaged status Not for loan Collection code Permanent Location Current Location Shelving location Date acquired Source of acquisition Cost, normal purchase price Total Checkouts Full call number Date last seen Copy number Koha item type
  Dewey Decimal Classification   Not For Loan Fiction Central Library, University of Rajshahi Central Library, University of Rajshahi Reading Room 11/02/1967 Nowrj kittabitan, Dhaka 4.00   B 891.443 BAK 1961 01/03/2017 C-1 Books